Geografia del Mondo su mappa #2 - Statistics

Statistiche generali
  • Questo quiz è stato fatto 3.783 volte
  • Il punteggio medio è 13 su 25
Risposte nella Mappa
Le risposte nella mappa del quiz sottostante sono codificate secondo una scala di colori dal rosso al verde in base alla % di persone che hanno risposto correttamente.
 
Statistiche sulle risposte
Tipo Risposta % Corretto
Desert Sahara
95%
Country Estonia
87%
Country Repubblica Ceca
87%
Country Yemen
85%
City Barcellona
82%
City New York
82%
Mountain Bianco
78%
City Buenos Aires
75%
Island Sicilia
75%
Island Groenlandia
72%
Mountain Everest
62%
Country Belize
59%
Desert Gobi
59%
Country Uganda
58%
City Melbourne
49%
City Calcutta
32%
Island Sumatra
27%
Island Hispaniola
26%
Desert Kalahari
22%
Mountain Elbrus
20%
Island Honshu
20%
Mountain Denali
16%
Desert Mojave
10%
Mountain Table
10%
Desert Gran deserto sabbioso
6%
Nessun quiz corrispondente trovato
Distribuzione punteggi
Percentuale di utenti per punteggio
Percentile per numero di risposta
I tuoi punteggi nel tempo
Non hai fatto questo quiz